Desenvolvimiento económico

Збережено в:
Бібліографічні деталі
Автори: Pepelasis, Adamantios (Автор), Mears, León (Автор), Adelman, Irma (Автор)
Формат: Книга
Мова:Іспанська
Опубліковано: Ciudad de México CRAT 1964
Ciudad de México Trillas 1964
Предмети:
Теги: Додати тег
Немає тегів, Будьте першим, хто поставить тег для цього запису!

MARC

LEADER 00000nam a2200000 a 4500
001 UCT8576
003 CL-VaPUC
008 970326e19640000mx |||||||||||||||||spa|d
082 0 4 |a 337.1  |b PEP  |2 21 
100 0 |a Pepelasis, Adamantios  |e author  |9 380365 
700 0 |a Mears, León  |e author  |9 380366 
700 0 |a Adelman, Irma  |e author  |9 380367 
245 1 0 |a Desenvolvimiento económico 
300 |a 584 p 
942 |c BK 
945 |d 19970326 00:00:00  |a paguirre 
260 |a Ciudad de México  |b CRAT  |c 1964 
260 |a Ciudad de México  |b Trillas  |c 1964 
650 0 |a Desarrollo económico y social   |9 256320 
650 0 |a Crecimiento económico   |9 314037 
650 7 |a SUBDESARROLLO  |2 CL-VaPUC  |9 337696 
650 7 |a POLITICA DE DESARROLLO  |2 CL-VaPUC  |9 335853 
650 0 |a Países en desarrollo  |9 259663 
583 |a last modification  |c 20171006 04:34:26  |k Rodrigo Vera 
999 |c 257065  |d 257063 
952 |0 0  |1 0  |4 0  |6 337_100000000000000_PEP_1964_1964  |7 0  |8 A  |9 280302  |a BIBDER  |b BIBDER  |d 2019-11-19  |i 4684621  |o 337.1 PEP 1964 1964  |p 4684621  |r 2023-01-25  |w 2019-11-19  |y BK  |k DER